000 00460nam a2200157 i 4500
001 90577
003 ES-MaACL
005 20230906180503.0
007 t|
008 050121s1911 ag ||||1| spa d
100 1 _aLeguizamón, Martiniano.
_971319
245 1 0 _aPáginas argentinas
_b: crítica literaria e histórica /
_cMartiniano Leguizamón.
260 _aBuenos Aires :
_bJ. Lajounne,
_c1911.
300 _a329 p. ;
_c19 cm.
852 _aES-MaACL
_jD-3528
999 _c90577
_d90577